| 000 | 00391nam a2200157Ia 4500 | ||
|---|---|---|---|
| 999 |
_c14 _d14 |
||
| 003 | OSt | ||
| 005 | 20200313054632.0 | ||
| 008 | 200302s9999 xx 000 0 und d | ||
| 020 | _a9788123924571 | ||
| 100 | _aPercy Brown | ||
| 245 | _aIndian Architecture (Buddhist and Hindu Periods) | ||
| 260 | _bD. B. Taraporevala Sons & Co. Pvt. Ltd. | ||
| 260 | _c1976 | ||
| 300 | _a214 P., | ||
| 942 | _2ddc | ||